[Event "35. Open Internacional Vila de Sitges"]
[Site "Sitges ESP"]
[Date "2009.07.28"]
[Round "7.9"]
[White "Jerez Perez, Alfonso"]
[Black "Barsov, Alexei"]
[Result "1/2-1/2"]
[WhiteElo "2388"]
[BlackElo "2511"]
[PlyCount "57"]
[EventDate "2009.07.22"]
[EventType "swiss"]
[EventRounds "9"]
[EventCountry "ESP"]
[Source "lmi"]
[SourceDate "2009.07.22"]

1. e4 e6 2. d4 d5 3. e5 c5 4. c3 Nc6 5. Nf3 Bd7 6. Be2 Rc8 7. O-O a6 8. Be3 Qb6
9. dxc5 Bxc5 10. Bxc5 Qxc5 11. Nbd2 Nge7 12. c4 Nd4 13. a3 Nef5 14. b4 Nxe2+
15. Qxe2 Nd4 16. Nxd4 Qxd4 17. Rfc1 dxc4 18. Nxc4 O-O 19. Nd6 Rxc1+ 20. Rxc1
Bc6 21. Rd1 Qc3 22. Qe3 Qxe3 23. fxe3 Rd8 24. Rd4 Kf8 25. Kf2 f6 26. Nc4 Rd5
27. exf6 gxf6 28. Rxd5 Bxd5 29. Nd2 1/2-1/2

[Event "35. Open Internacional Vila de Sitges"]
[Site "Sitges ESP"]
[Date "2009.07.28"]
[Round "7.10"]
[White "Martinez Duany, Lelys Stanley"]
[Black "Mestre Bellido, Hector"]
[Result "1-0"]
[WhiteElo "2507"]
[BlackElo "2292"]
[PlyCount "65"]
[EventDate "2009.07.22"]
[EventType "swiss"]
[EventRounds "9"]
[EventCountry "ESP"]
[Source "lmi"]
[SourceDate "2009.07.22"]

1. e4 e5 2. Nf3 Nc6 3. Bb5 a6 4. Ba4 Nf6 5. O-O b5 6. Bb3 Bc5 7. c3 O-O 8. d4
Bb6 9. a4 Bb7 10. axb5 axb5 11. Rxa8 Qxa8 12. d5 Na5 13. Bc2 d6 14. Bg5 Nd7 15.
Nh4 f6 16. Bc1 Rf7 17. Na3 Nc4 18. Nxc4 bxc4 19. Nf5 Qa2 20. Ba4 Kh8 21. h4 Bc8
22. Bc6 Nc5 23. Be8 Rf8 24. Qh5 Bxf5 25. exf5 Kg8 26. Bg6 hxg6 27. fxg6 Re8 28.
Qh7+ Kf8 29. h5 Ne4 30. h6 Ke7 31. hxg7 Bxf2+ 32. Kh2 Bg3+ 33. Kh3 1-0

[Event "35. Open Internacional Vila de Sitges"]
[Site "Sitges ESP"]
[Date "2009.07.29"]
[Round "8.1"]
[White "Moskalenko, Viktor"]
[Black "Karlsson, Lars"]
[Result "1-0"]
[WhiteElo "2558"]
[BlackElo "2468"]
[PlyCount "51"]
[EventDate "2009.07.22"]
[EventType "swiss"]
[EventRounds "9"]
[EventCountry "ESP"]
[Source "lmi"]
[SourceDate "2009.07.22"]

1. d4 f5 2. Bg5 d5 3. e3 Nf6 4. Bxf6 exf6 5. c4 Bb4+ 6. Nc3 O-O 7. Qb3 Bxc3+ 8.
bxc3 dxc4 9. Bxc4+ Kh8 10. Ne2 c5 11. h4 cxd4 12. cxd4 g6 13. Nf4 Nc6 14. Rc1
Qd6 15. h5 g5 16. Ng6+ hxg6 17. hxg6+ Kg7 18. Bf7 Rh8 19. Rxh8 Kxh8 20. Ke2 Qh2
21. Qb1 Kg7 22. Rh1 Qxg2 23. Rh7+ Kf8 24. Bc4 Ke8 25. g7 Ne7 26. Qb4 1-0

[Event "35. Open Internacional Vila de Sitges"]
[Site "Sitges ESP"]
[Date "2009.07.29"]
[Round "8.2"]
[White "Solodovnichenko, Yuri"]
[Black "Beltran Rueda, Santiago"]
[Result "1-0"]
[WhiteElo "2596"]
[BlackElo "2404"]
[PlyCount "43"]
[EventDate "2009.07.22"]
[EventType "swiss"]
[EventRounds "9"]
[EventCountry "ESP"]
[Source "lmi"]
[SourceDate "2009.07.22"]

1. e4 e5 2. Nf3 Nf6 3. d4 Nxe4 4. dxe5 d5 5. Nbd2 Nc6 6. Bd3 Nc5 7. Nb3 Bg4 8.
O-O Be7 9. Nxc5 Bxc5 10. h3 Bh5 11. g4 Bg6 12. Bg5 Qd7 13. c4 Nb4 14. Bxg6 hxg6
15. a3 Na6 16. cxd5 Rxh3 17. e6 fxe6 18. Re1 Rg3+ 19. Kh2 Bxf2 20. Rxe6+ Kf8
21. Ne5 Qb5 22. Qd2 1-0

[Event "35. Open Internacional Vila de Sitges"]
[Site "Sitges ESP"]
[Date "2009.07.29"]
[Round "8.4"]
[White "Bacallao Alonso, Yusnel"]
[Black "Cuartas, Jaime Alexander"]
[Result "1/2-1/2"]
[WhiteElo "2467"]
[BlackElo "2521"]
[PlyCount "89"]
[EventDate "2009.07.22"]
[EventType "swiss"]
[EventRounds "9"]
[EventCountry "ESP"]
[Source "lmi"]
[SourceDate "2009.07.22"]

1. e4 c5 2. Nf3 Nc6 3. d4 cxd4 4. Nxd4 Nf6 5. Nc3 e6 6. Ndb5 Bb4 7. a3 Bxc3+ 8.
Nxc3 d5 9. exd5 exd5 10. Bd3 O-O 11. O-O d4 12. Ne2 Bg4 13. Qd2 Re8 14. Ng3 Nh5
15. f3 Nxg3 16. hxg3 Be6 17. Qf4 Ne7 18. g4 Ng6 19. Qh2 Rc8 20. b3 Qd7 21. Bd2
f5 22. f4 Nf8 23. Rae1 g6 24. Re5 Qf7 25. Qh4 Bd7 26. Qf2 Rxe5 27. fxe5 a6 28.
Qxd4 Ne6 29. Qf2 Nc5 30. Bc4 Be6 31. Bxe6 Nxe6 32. Bh6 f4 33. Bxf4 Qxf4 34.
Qxf4 Nxf4 35. Rxf4 Rxc2 36. Rf6 Re2 37. Rb6 Rxe5 38. Rxb7 Re6 39. b4 Re1+ 40.
Kh2 Ra1 41. Ra7 Rxa3 42. b5 Rb3 43. bxa6 Rb6 44. g5 Re6 45. Kg3 1/2-1/2

[Event "35. Open Internacional Vila de Sitges"]
[Site "Sitges ESP"]
[Date "2009.07.29"]
[Round "8.5"]
[White "Gonzalez Garcia, Jose"]
[Black "Lacasa Diaz, Jose Antonio"]
[Result "1-0"]
[WhiteElo "2509"]
[BlackElo "2392"]
[PlyCount "105"]
[EventDate "2009.07.22"]
[EventType "swiss"]
[EventRounds "9"]
[EventCountry "ESP"]
[Source "lmi"]
[SourceDate "2009.07.22"]

1. d4 Nf6 2. c4 e6 3. Nf3 d5 4. Nc3 dxc4 5. e4 Bb4 6. Bg5 c5 7. e5 cxd4 8. Nxd4
Bxc3+ 9. bxc3 Qa5 10. exf6 Qxg5 11. fxg7 Qxg7 12. Qd2 Nd7 13. Bxc4 Nb6 14. Bb5+
Bd7 15. Bxd7+ Nxd7 16. O-O Nc5 17. Qe3 O-O 18. Nf5 exf5 19. Qxc5 Qf6 20. Rad1
b6 21. Rd6 Qg5 22. Qb4 Rfd8 23. f4 Qg7 24. Rf3 Kh8 25. Rg3 Qf8 26. Qd4+ f6 27.
Rxf6 Rxd4 28. Rxf8+ Rxf8 29. cxd4 Rd8 30. Rd3 Rd5 31. Kf2 Kg7 32. h3 Kf6 33. g4
h6 34. Ke3 Ke6 35. g5 Rd7 36. d5+ Kd6 37. h4 Re7+ 38. Kf3 Re1 39. gxh6 Rh1 40.
Kg3 Rg1+ 41. Kh3 Rh1+ 42. Kg2 Rxh4 43. Rh3 Rg4+ 44. Rg3 Rh4 45. Rh3 Rg4+ 46.
Kf3 Rg8 47. h7 Rh8 48. Rh5 b5 49. Ke3 Kxd5 50. Rxf5+ Ke6 51. Rh5 Kf6 52. Kd4
Kg6 53. Rh2 1-0

[Event "35. Open Internacional Vila de Sitges"]
[Site "Sitges ESP"]
[Date "2009.07.29"]
[Round "8.6"]
[White "Vidarte Morales, Arturo"]
[Black "Martinez Duany, Lelys Stanley"]
[Result "1-0"]
[WhiteElo "2444"]
[BlackElo "2507"]
[PlyCount "173"]
[EventDate "2009.07.22"]
[EventType "swiss"]
[EventRounds "9"]
[EventCountry "ESP"]
[Source "lmi"]
[SourceDate "2009.07.22"]

1. d4 Nf6 2. c4 c5 3. d5 e5 4. Nc3 d6 5. e4 Nbd7 6. Nf3 g6 7. h3 Bg7 8. Bd3 O-O
9. g4 a6 10. a4 Ne8 11. Rg1 Ndf6 12. Bg5 Bd7 13. Nd2 Rb8 14. a5 b5 15. axb6
Rxb6 16. b3 h6 17. Be3 Nh7 18. Na2 Rb8 19. Qc2 Kh8 20. Nc3 Bc8 21. Ke2 Rg8 22.
f3 Bf6 23. Nd1 Bg5 24. Bf2 Ng7 25. Qc3 Rf8 26. Bc2 f5 27. Nb2 fxg4 28. hxg4 Qf6
29. Be3 h5 30. Raf1 Rb7 31. Bd1 Qd8 32. Rf2 Rbf7 33. Rh2 Kg8 34. Rhg2 hxg4 35.
fxg4 Bxe3 36. Qxe3 Qh4 37. Kd3 Ng5 38. Kc2 a5 39. Nd3 Bd7 40. Be2 Ne8 41. Ra1
a4 42. bxa4 Nc7 43. Rgg1 Nh7 44. g5 Rf4 45. Nxf4 exf4 46. Nf3 Qh3 47. Qf2 Be8
48. Kd2 Qd7 49. Qe1 Na6 50. Qb1 Qe7 51. Bd3 Bd7 52. Qb2 Nb4 53. Qc3 Re8 54.
Rae1 Ra8 55. e5 Rxa4 56. Ra1 Na2 57. Qb2 Qd8 58. Ke2 Qa5 59. Kf2 Nf8 60. e6 Be8
61. Rh1 Nc3 62. Rxa4 Bxa4 63. Kg2 Be8 64. Ra1 Na4 65. Qd2 Qc7 66. Qxf4 Qa5 67.
Qd2 Qc7 68. Qc2 Nb6 69. Qc3 Na4 70. Qc2 Nb6 71. Rb1 Na4 72. Qd2 Nh7 73. Qf4 Nc3
74. Rh1 Na2 75. Rh6 Kg7 76. Rxh7+ Kxh7 77. Qf8 Qb8 78. Qh6+ Kg8 79. Bxg6 Qb2+
80. Kg3 Bxg6 81. Qxg6+ Qg7 82. Qxg7+ Kxg7 83. Nh4 Nc3 84. Nf5+ Kf8 85. Nxd6
Ne2+ 86. Kg4 Nd4 87. Nf5 1-0

[Event "35. Open Internacional Vila de Sitges"]
[Site "Sitges ESP"]
[Date "2009.07.29"]
[Round "8.7"]
[White "Burmakin, Vladimir"]
[Black "Jerez Perez, Alfonso"]
[Result "1-0"]
[WhiteElo "2627"]
[BlackElo "2388"]
[PlyCount "89"]
[EventDate "2009.07.22"]
[EventType "swiss"]
[EventRounds "9"]
[EventCountry "ESP"]
[Source "lmi"]
[SourceDate "2009.07.22"]

1. d4 Nf6 2. Nf3 g6 3. Bf4 Bg7 4. e3 O-O 5. Be2 d5 6. O-O c5 7. c3 Nc6 8. Ne5
cxd4 9. cxd4 Nxe5 10. Bxe5 Qb6 11. Qb3 Qxb3 12. axb3 Bd7 13. Nc3 Bc6 14. b4 a6
15. Ra5 e6 16. Rfa1 Rac8 17. b5 axb5 18. Nxb5 Ne4 19. Na7 Rcd8 20. Bc7 Rd7 21.
Bb6 Bf6 22. f3 Nd6 23. Bc5 Be7 24. b4 Rdd8 25. Nxc6 bxc6 26. Ra7 Rfe8 27. Rc7
Nf5 28. Raa7 Bxc5 29. dxc5 d4 30. e4 d3 31. Bxd3 Rxd3 32. exf5 exf5 33. Rxf7
Re2 34. Rg7+ Kf8 35. Rgd7 Rxd7 36. Rxd7 Rb2 37. Rxh7 Rxb4 38. Rc7 Rc4 39. Rxc6
Kf7 40. Rc8 g5 41. c6 Rc2 42. c7 Kg7 43. Kf1 f4 44. Ke1 Rc5 45. Kd2 1-0

[Event "35. Open Internacional Vila de Sitges"]
[Site "Sitges ESP"]
[Date "2009.07.29"]
[Round "8.8"]
[White "Arun, Prasad S"]
[Black "Douriet Duany, Alexis"]
[Result "1-0"]
[WhiteElo "2566"]
[BlackElo "2306"]
[PlyCount "97"]
[EventDate "2009.07.22"]
[EventType "swiss"]
[EventRounds "9"]
[EventCountry "ESP"]
[Source "lmi"]
[SourceDate "2009.07.22"]

1. d4 Nf6 2. c4 g6 3. Nf3 Bg7 4. g3 O-O 5. Bg2 d6 6. O-O c6 7. Nc3 Qa5 8. h3
Be6 9. Nd2 Qa6 10. b3 d5 11. c5 Nfd7 12. Ndb1 Bf5 13. Bb2 e5 14. e4 exd4 15.
Nxd5 cxd5 16. exf5 Nc6 17. fxg6 hxg6 18. Bxd5 Nxc5 19. Ba3 Rad8 20. Bxc5 Rxd5
21. Bxf8 Kxf8 22. Nd2 d3 23. Rc1 Qxa2 24. Qf3 Rd8 25. Rcd1 Qb2 26. Kg2 Qd4 27.
Rfe1 Qd5 28. Qxd5 Rxd5 29. f4 a5 30. Nf3 Bc3 31. Re3 Nb4 32. Kf1 f6 33. Ne1
Bxe1 34. Rexe1 Kf7 35. Re4 Nc2 36. Kf2 b5 37. g4 b4 38. Rc4 Ke6 39. Rc6+ Ke7
40. Ra6 Na3 41. Ke3 Nc2+ 42. Kf2 Na3 43. h4 Nc2 44. h5 gxh5 45. gxh5 Kf7 46.
Ra7+ Kg8 47. h6 a4 48. Rg1+ Kh8 49. Rgg7 1-0

[Event "35. Open Internacional Vila de Sitges"]
[Site "Sitges ESP"]
[Date "2009.07.29"]
[Round "8.10"]
[White "Lasinskas, Povilas"]
[Black "Sundararajan, Kidambi"]
[Result "0-1"]
[WhiteElo "2268"]
[BlackElo "2506"]
[PlyCount "116"]
[EventDate "2009.07.22"]
[EventType "swiss"]
[EventRounds "9"]
[EventCountry "ESP"]
[Source "lmi"]
[SourceDate "2009.07.22"]

1. d4 e6 2. c4 b6 3. Nc3 Bb7 4. Nf3 Bb4 5. Qc2 Nf6 6. Bg5 h6 7. Bh4 g5 8. Bg3
Ne4 9. e3 Bxc3+ 10. bxc3 d6 11. Bd3 f5 12. d5 Nd7 13. Bxe4 fxe4 14. Qxe4 Qf6
15. Qxe6+ Qxe6 16. dxe6 Nc5 17. O-O Nxe6 18. Nd4 Nc5 19. f3 O-O-O 20. e4 Rde8
21. a4 a5 22. Rfd1 h5 23. Bf2 Rhf8 24. Nf5 g4 25. Bxc5 bxc5 26. Rf1 gxf3 27.
gxf3 Rf6 28. Kf2 Ba6 29. Rg1 Bxc4 30. Rg7 Bf7 31. Kg3 Rf8 32. Rb1 Be6 33. Ne7+
Kd7 34. Ng6+ R8f7 35. Nf8+ Ke7 36. Ng6+ Kd7 37. Rxf7+ Bxf7 38. Nf4 Be8 39. Rb5
Kc8 40. Rb2 Rf8 41. Nd5 h4+ 42. Kf2 Bxa4 43. Ne7+ Kd7 44. Ng6 Ra8 45. Nxh4 c4
46. Ra2 Bb3 47. Ra3 a4 48. Nf5 Rf8 49. Ke3 d5 50. h4 dxe4 51. fxe4 Rh8 52. Kd4
Ke6 53. h5 Rd8+ 54. Kc5 Ke5 55. Ne3 Kxe4 56. Ng4 Kd3 57. Ne5+ Kxc3 58. Nxc4 Rh8
0-1

[Event "35. Open Internacional Vila de Sitges"]
[Site "Sitges ESP"]
[Date "2009.07.30"]
[Round "9.5"]
[White "Cruz, Cristhian"]
[Black "Bacallao Alonso, Yusnel"]
[Result "1-0"]
[WhiteElo "2525"]
[BlackElo "2467"]
[PlyCount "69"]
[EventDate "2009.07.22"]
[EventType "swiss"]
[EventRounds "9"]
[EventCountry "ESP"]
[Source "lmi"]
[SourceDate "2009.07.22"]

1. c4 c5 2. Nf3 Nc6 3. Nc3 e5 4. g3 g6 5. Bg2 Bg7 6. O-O d6 7. a3 a5 8. Rb1
Nge7 9. Ne1 h5 10. Nc2 h4 11. b4 hxg3 12. fxg3 axb4 13. axb4 cxb4 14. Nd5 Nxd5
15. cxd5 Ne7 16. Rxb4 Qa5 17. e4 Qc5+ 18. Kh1 Bd7 19. Rxb7 Qc8 20. Rb2 Bh3 21.
Qf3 Bxg2+ 22. Qxg2 f5 23. d3 O-O 24. Ne3 Qa6 25. Rd1 Qa4 26. Rc2 Rac8 27. Rf1
Qd4 28. Rd1 f4 29. Nc4 f3 30. Qf1 Nxd5 31. exd5 f2 32. h4 e4 33. Be3 Rxc4 34.
Bxd4 Rxc2 35. dxe4 1-0

[Event "35. Open Internacional Vila de Sitges"]
[Site "Sitges ESP"]
[Date "2009.07.30"]
[Round "9.6"]
[White "Cuartas, Jaime Alexander"]
[Black "Lettieri, Giuseppe"]
[Result "1/2-1/2"]
[WhiteElo "2521"]
[BlackElo "2363"]
[PlyCount "74"]
[EventDate "2009.07.22"]
[EventType "swiss"]
[EventRounds "9"]
[EventCountry "ESP"]
[Source "lmi"]
[SourceDate "2009.07.22"]

1. e4 c5 2. Nf3 Nc6 3. d4 cxd4 4. Nxd4 Qc7 5. Nc3 e6 6. g3 a6 7. Bg2 Nf6 8. O-O
Bc5 9. Nxc6 dxc6 10. Na4 Be7 11. c4 b5 12. Nc3 e5 13. cxb5 axb5 14. Qc2 Qb7 15.
f4 Be6 16. b3 h5 17. h3 Bc5+ 18. Kh1 Bd4 19. Bb2 Ng4 20. Nd1 Bxb2 21. Qxb2 Qb6
22. f5 Bd7 23. b4 f6 24. Bf3 Ne3 25. Nxe3 Qxe3 26. Rad1 h4 27. g4 Ke7 28. Bg2
Rhd8 29. Rf3 Qa7 30. a3 Be8 31. Rg1 Qd4 32. Qc2 Qd2 33. Qc5+ Rd6 34. Bf1 Qd4
35. Qc2 Qd2 36. Qc5 Qd4 37. Qc2 Qd2 1/2-1/2

[Event "35. Open Internacional Vila de Sitges"]
[Site "Sitges ESP"]
[Date "2009.07.30"]
[Round "9.7"]
[White "Barria Zuniga, Daniel"]
[Black "Barsov, Alexei"]
[Result "1/2-1/2"]
[WhiteElo "2426"]
[BlackElo "2511"]
[PlyCount "121"]
[EventDate "2009.07.22"]
[EventType "swiss"]
[EventRounds "9"]
[EventCountry "ESP"]
[Source "lmi"]
[SourceDate "2009.07.22"]

1. d4 d5 2. c4 e6 3. Nf3 Nf6 4. Nc3 c6 5. Bg5 h6 6. Bxf6 Qxf6 7. Qb3 dxc4 8.
Qxc4 Nd7 9. e3 g6 10. Be2 Bg7 11. O-O O-O 12. Rfd1 Qe7 13. Rac1 Re8 14. b4 e5
15. b5 exd4 16. Nxd4 Nb6 17. Qb3 c5 18. Nf3 Be6 19. Qa3 f5 20. Nd2 Red8 21. Nb3
Rxd1+ 22. Nxd1 Nd7 23. Nb2 Bxb2 24. Qxb2 b6 25. Nd2 Qg7 26. Qa3 Nf6 27. Bc4
Bxc4 28. Nxc4 Rd8 29. Qb3 Kh7 30. Rd1 Rxd1+ 31. Qxd1 Qf7 32. Qd3 Qd5 33. Qb3 g5
34. f3 h5 35. Kf2 h4 36. Ke2 g4 37. Qd3 Qxd3+ 38. Kxd3 h3 39. gxh3 gxf3 40. Nd2
f2 41. Ke2 Nd5 42. Kxf2 Nc3 43. a4 Nxa4 44. Nc4 Nc3 45. Nd6 Kg6 46. Ke1 Nd5 47.
Kd2 Nc7 48. Kd3 a6 49. bxa6 Nxa6 50. Kc4 Nb4 51. Nc8 Nc2 52. Kd3 Nb4+ 53. Kc4
Nc2 54. Kd3 Nb4+ 55. Kc4 Nc2 56. Kd3 Nb4+ 57. Kc4 b5+ 58. Kxb5 Nc2 59. Ne7+ Kf6
60. Nxf5 Kxf5 61. Kxc5 1/2-1/2

[Event "35. Open Internacional Vila de Sitges"]
[Site "Sitges ESP"]
[Date "2009.07.30"]
[Round "9.8"]
[White "Martinez Duany, Lelys Stanley"]
[Black "Oms Pallisse, Josep"]
[Result "1-0"]
[WhiteElo "2507"]
[BlackElo "2495"]
[PlyCount "139"]
[EventDate "2009.07.22"]
[EventType "swiss"]
[EventRounds "9"]
[EventCountry "ESP"]
[Source "lmi"]
[SourceDate "2009.07.22"]

1. e4 c5 2. Nf3 Nc6 3. d4 cxd4 4. Nxd4 Nf6 5. Nc3 d6 6. Bg5 e6 7. Qd2 a6 8.
O-O-O Be7 9. f3 Nxd4 10. Qxd4 O-O 11. h4 b5 12. Kb1 Bb7 13. Qd2 Rc8 14. Bd3 Nd7
15. Bxe7 Qxe7 16. Qg5 Rfe8 17. Qxe7 Rxe7 18. Be2 b4 19. Na4 d5 20. Rd4 dxe4 21.
Rxb4 exf3 22. Bxf3 Bxf3 23. gxf3 h5 24. Re1 Ree8 25. b3 Red8 26. Rd4 Nf8 27.
Red1 Rxd4 28. Rxd4 Ng6 29. c4 e5 30. Rd6 Nxh4 31. Nb6 Re8 32. c5 Nf5 33. Rd1
Nd4 34. b4 h4 35. Kb2 Re6 36. a4 g5 37. Nc4 Nxf3 38. b5 axb5 39. axb5 Nd4 40.
b6 Nc6 41. b7 Re8 42. Rd6 Rb8 43. Rxc6 Rxb7+ 44. Kc3 Re7 45. Ne3 Ra7 46. Kd3 h3
47. Rh6 Ra3+ 48. Ke4 Rc3 49. c6 h2 50. Nf5 Rxc6 51. Ne7+ Kg7 52. Nf5+ Kg8 53.
Rxh2 Ra6 54. Kxe5 Re6+ 55. Kd5 Re1 56. Rh6 Re2 57. Ra6 Kh7 58. Nd4 Re3 59. Rb6
g4 60. Rf6 g3 61. Rxf7+ Kg6 62. Rf8 Kg5 63. Nf5 Ra3 64. Ke4 Ra4+ 65. Nd4 Kg4
66. Rg8+ Kh3 67. Ke3 Ra3+ 68. Kf4 Kg2 69. Nc2 Rc3 70. Ne3+ 1-0

[Event "35. Open Internacional Vila de Sitges"]
[Site "Sitges ESP"]
[Date "2009.07.30"]
[Round "9.9"]
[White "Panchanathan, Magesh Chandran"]
[Black "Braun, Christian"]
[Result "1-0"]
[WhiteElo "2493"]
[BlackElo "2345"]
[PlyCount "87"]
[EventDate "2009.07.22"]
[EventType "swiss"]
[EventRounds "9"]
[EventCountry "ESP"]
[Source "lmi"]
[SourceDate "2009.07.22"]

1. Nf3 Nf6 2. g3 d5 3. Bg2 c5 4. d4 Nc6 5. O-O Bf5 6. c4 cxd4 7. Nxd4 Be4 8.
Bxe4 Nxe4 9. Qa4 Qb6 10. Be3 Nc5 11. Qb5 dxc4 12. Qxb6 axb6 13. Nxc6 bxc6 14.
Bxc5 bxc5 15. a4 g6 16. Nd2 Bg7 17. Nxc4 O-O 18. Ra3 Rfb8 19. b3 Kf8 20. Rd1
Ke8 21. Rd2 Rb4 22. a5 Ra6 23. Rd3 Bf6 24. e3 e6 25. Kf1 Rb8 26. Ke2 Bd8 27. e4
Rba8 28. Rd1 Bc7 29. e5 Ke7 30. f4 h5 31. Ra2 Rd8 32. Rxd8 Bxd8 33. Kf3 Bc7 34.
h3 f6 35. g4 f5 36. Kg3 Kf7 37. gxh5 gxh5 38. Kh4 Kg6 39. Rg2+ Kf7 40. Kxh5 Ra8
41. Rg6 Bxa5 42. Nd6+ Ke7 43. Rg7+ Kf8 44. Kg6 1-0

[Event "35. Open Internacional Vila de Sitges"]
[Site "Sitges ESP"]
[Date "2009.07.30"]
[Round "9.10"]
[White "Satyapragyan, Swayangsu"]
[Black "Alexandrova, Olga"]
[Result "1-0"]
[WhiteElo "2423"]
[BlackElo "2388"]
[PlyCount "43"]
[EventDate "2009.07.22"]
[EventType "swiss"]
[EventRounds "9"]
[EventCountry "ESP"]
[Source "lmi"]
[SourceDate "2009.07.22"]

1. e4 e6 2. d4 d5 3. Nd2 dxe4 4. Nxe4 Nd7 5. Nf3 Ngf6 6. Nxf6+ Nxf6 7. Be3 Bd6
8. Bd3 Bd7 9. Qe2 Qe7 10. O-O Nd5 11. Bg5 f6 12. Bd2 O-O-O 13. Be4 c5 14. dxc5
Bxc5 15. c4 Nb6 16. Rab1 Qe8 17. b4 Be7 18. Nd4 Kb8 19. c5 e5 20. cxb6 exd4 21.
Bf4+ Ka8 22. Qa6 1-0